000 00910nam a22002417a 4500
999 _c3101
_d3101
003 AR-CdUCM
008 190305b ||||| |||| 00| 0 spa d
020 _a84-7232-413-3
040 _aMUNICIPALIDAD PROVINCIAL DEL CUSCO
_cBIBLIOTECA MUNICIPAL DEL CUSCO
082 _a972.81 /
_bG25
100 _aGarcia Añoveros, Jesús
_910488
245 _aLa reforma agraria de Arbenz en Guatemala /
260 _aMadrid :
_bEdiciones cultura hispánica instituto de cooperación Iberoamericana,
_c1987.
300 _a422 paginas ;
_c23 cm.
505 _aÉpoca prehistórica -- Época colonial -- Época conservadora -- Época liberal -- Época revolucionaria ...
650 _aPrehistorica
_910489
650 _aColonial
_910490
650 _aEstructura agraria
_910491
650 _aClases sociales
_92411
710 _aV centenario del descubrimiento de América
_910492
942 _2ddc
_cLIBROS
945 _awnts